| 000 | 00586nam a22001937a 4500 | ||
|---|---|---|---|
| 005 | 20251108175033.0 | ||
| 008 | 250721s2009 xx 000 0 ara d | ||
| 082 | 1 | 4 | _aم/940/هاز |
| 100 | 1 | _aهازار، بول | |
| 245 | 1 | 0 | _aأزمة الوعي الأوروبي 1680-1715 / |
| 264 | 1 |
_aبيروت : _bالمنظمة العربية للترجمة، _c2009. |
|
| 300 | _a605ص. | ||
| 650 | 1 | 7 | _aالتاريخ |
| 650 | 1 | 7 | _aاوروبا |
| 650 | 1 | 7 | _aالتنمية الاجتماعية |
| 700 | 1 |
_aعاصي، يوسف _eمترجم |
|
| 942 |
_2ddc _cREF |
||
| 999 |
_c124587 _d124587 |
||